Introducción al Nuevo Testamento
Saved in:
| Hovedforfatter: | |
|---|---|
| Format: | Bog |
| Sprog: | spansk |
| Udgivet: |
Madrid
Cristiandad
1975
|
| Serier: | Epifanía, El Libro de Bolsillo Cristiandad, 20
|
| Fag: | |
| Tags: |
Tilføj Tag
Ingen Tags, Vær først til at tagge denne postø!
|
MARC
| LEADER | 00000nam a2200000 a 4500 | ||
|---|---|---|---|
| 001 | UCL1244 | ||
| 003 | CL-VaPUC | ||
| 008 | 030905e19750000SP |||||||||||||||||spa|d | ||
| 020 | |a 8470571745 | ||
| 082 | 0 | 4 | |a 225.61 |b LOH |2 21 |
| 100 | |a Lohse, Eduard |e autor |9 579454 | ||
| 245 | 1 | 0 | |a Introducción al Nuevo Testamento |
| 300 | |a 274 p | ||
| 942 | |c BK | ||
| 945 | |d 20030905 00:00:00 |a vberengu | ||
| 260 | |a Madrid |b Cristiandad |c 1975 | ||
| 650 | 0 | |a Biblia |9 257603 | |
| 650 | 7 | |a NUEVOS TESTAMENTOS |2 CL-VaPUC |9 478147 | |
| 650 | 0 | |a Textos sagrados |9 257605 | |
| 583 | |a last modification |c 20030905 00:00:00 |k Rodrigo Vera | ||
| 490 | 0 | |a Epifanía, El Libro de Bolsillo Cristiandad, 20 | |
| 999 | |c 304888 |d 304886 | ||
| 952 | |0 0 |1 0 |4 0 |6 225_610000000000000_LOH_1975 |7 0 |8 A |9 367709 |a BIBTEO |b BIBTEO |d 2019-11-21 |i 207639K |l 1 |o 225.61 LOH 1975 |p 207639K |r 2025-01-17 |s 2024-10-22 |w 2019-11-21 |y BK |k ICR | ||